[Event "ITA-ch U16"]
[Site "Porretta Terme"]
[Date "2011.07.03"]
[Round "1"]
[White "Altini, Nicola"]
[Black "Mastrantonio, Giuseppe"]
[Result "1-0"]
[WhiteElo "2267"]
[BlackElo "1711"]
[PlyCount "35"]
[EventDate "2011.07.03"]
[EventType "swiss"]
[EventRounds "8"]
[EventCountry "ITA"]
[SourceTitle "EXT 2024"]
[Source "ChessBase"]
[SourceDate "2023.10.10"]
[SourceVersion "1"]
[SourceVersionDate "2023.10.10"]
[SourceQuality "1"]

1. Nf3 d5 2. c4 c6 3. g3 e6 4. Bg2 Bd6 5. 0-0 Nf6 6. d4 Nbd7 7. Nbd2 0-0 8. b3 e5 9. dxe5 Nxe5 10. Bb2 Ng6 11. cxd5 cxd5 12. Nd4 Be6 13. e4 dxe4 14. Nxe6 fxe6 15. Nxe4 Nxe4 16. Bxe4 Ne5 17. Bxe5 Bxe5 18. Qh5 1-0